Leaders of EU Countries - Statistics

General Stats
  • This quiz has been taken 27 times
  • The average score is 11 of 53
Answer Stats
Hint Answer % Correct
France President Emmanuel Macron
92%
Italy President of the Council of Ministers Giorgia Meloni
80%
Germany Federal Chancellor Olaf Scholz
76%
Hungary Prime Minister Viktor Orbán
76%
Spain King Felipe VI
72%
Spain President of the Government Pedro Sánchez
64%
Netherlands Prime Minister Mark Rutte
44%
Poland President Andrzej Duda
40%
Sweden King Carl XVI Gustaf
40%
Portugal Prime Minister António Costa
36%
Belgium King Philippe
36%
Netherlands King Willem-Alexander
36%
Denmark Queen Margrethe II
28%
Italy President Sergio Mattarella
28%
Germany Federal President Frank-Walter Steinmeier
24%
Ireland Taoiseach Leo Varadkar
24%
Finland Prime Minister Sanna Marin
24%
Luxembourg Grand Duke Henri
20%
Estonia Prime Minister Kaja Kallas
20%
Belgium Prime Minister Alexander De Croo
16%
Austria President Alexander Van der Bellen
16%
Austria Chancellor Karl Nehammer
16%
Denmark Prime Minister Mette Frederiksen
16%
Czech Republic President Petr Pavel
16%
Luxembourg Prime Minister Xavier Bettel
16%
Croatia President of the Government Andrej Plenković
12%
France Prime Minister Élisabeth Borne
12%
Romania President Klaus Iohannis
12%
Czech Republic Prime Minister Petr Fiala
12%
Sweden Prime Minister Ulf Kristersson
12%
Estonia President Alar Karis
8%
Portugal President Marcelo Rebelo de Sousa
8%
Poland President of the Council of Ministers Mateusz Morawiecki
8%
Ireland President Michael D. Higgins
8%
Bulgaria President Rumen Radev
8%
Latvia President Egils Levits
4%
Malta President George Vella
4%
Lithuania President Gitanas Nausėda
4%
Greece President Katerina Sakellaropoulou
4%
Cyprus President Nikos Christodoulides
4%
Finland President Sauli Niinistö
4%
Croatia President Zoran Milanović
4%
Romania Prime Minister of the Government Cătălin Predoiu
0%
Bulgaria Prime Minister Nikolai Denkov
0%
Lithuania Prime Minister Ingrida Šimonytė
0%
Greece Prime Minister Ioannis Sarmas
0%
Hungary President Katalin Novák
0%
Latvia Prime Minister Krišjānis Kariņš
0%
Slovakia Chairman of the Government Ľudovít Ódor
0%
Slovenia President Nataša Pirc Musar
0%
Malta Prime Minister Robert Abela
0%
Slovenia President of the Government Robert Golob
0%
Slovakia President Zuzana Čaputová
0%
No matching quizzes found
Score Distribution
Percent of People with Each Score
Percentile by Number Answered
Your Score History
You have not taken this quiz